000 00638nam a2200193Ia 4500
003 GCL
008 140319s9999 xx 000 0 ara d
040 _aGCL /
_cGCL
082 0 4 _a004.678
_bم ش
100 1 _aمجدى محمد عبدالله
245 1 0 _aالشبكات والانترنت /
_cمجدى محمد عبدالله
250 _aالثانية
260 _aالقاهرة :
_bماهى لخدمات الكمبيوتر ،
_c2002
300 _a192 ص ؛
_c24 سم
650 0 4 _aنظم المعلومات
650 0 4 _aالحاسبات الالكترونية - برامج
650 0 4 _aالإنترنت
942 _2ddc
_cBK
999 _c5298
_d5298